00835nam a2200241 a 450000100100000000500170001000800410002702000150006804000200008308200240010310000400012724500520016725000110021926000340023030000210026449000360028565000280032165000310034983000430038091000280042395201270045199900150057800000805920200929154420.0910315s1994 sp 001 0 spa  a8433917978 aDO-SdBNPdBNPHU a863.62bA357h, 19941 aAldecoa, Josefina R.,d1926-92196310aHistoria de una maestra /cJosefina R. Aldecoa. a9a ed. aBarcelona :bAnagrama,c1994. a232 p. ;c20 cm.1 aNarrativas Hispánicasvno. 97 4aNovela española91123 4aLiteratura española9632 0aNarrativas Hispánicasvno. 97921224 aCatalogación derivada 001052708MOaGRbGRcCTd2009-09-14iLF1l0o863.62 A357h, 1994p8059-10r2020-06-25w2020-06-25y2ZPréstamo interno c7836d7836